00691nam a2200205 a 450000100100000000500170001000800410002702000150006804000250008308200200010810000350012824500300016326000610019330000270025465000260028165000280030704900090033595201240034499900170046800001918820200929165939.0100527s1988 ag a r 000 p spa d a9509845078 aDO-SdBNPbspacBNPHU aCU861.44bM939e1 aMozo, Emilio M.,d1941-94129810aEn el ala del mosquito /. aBuenos Aires, Argentina :bEditor Interamericano,c1988. a66 p. :bil. ;c18 cm. 4aPoesía cubana95226 4aLiteratura cubana91483 aBNGR 001054708MOaGRbGRcCTd2010-05-27iLF1l0oCU861.44 M939ep19188-10r2020-06-25w2020-06-25y4ZPréstamo en sala c18706d18706